Trouve le bon rappeur #2 - Statistiques

Statistiques générales
  • Ce quiz a été pris 389 fois
  • Le résultat moyen est 9 sur 20
Statistiques - réponses
Indice Rappeur % Correct
Il s'est battu contre Kaaris à l'aéroport d'Orly Booba
97%
#Vie Damso
91%
Son père était un routier du nom d'Otto Schwarzer SCH
85%
Zumba Cafeww Soso Maness
82%
Le Sauce God Hamza
79%
Ce rappeur originaire de la Courneuve a sorti les albums Imany, Taciturne et Stamina, Dinos
62%
NQNTMQMQMB est le nom de sa première mixtape Vald
61%
Ce rappeur américain aussi surnommé Makaveli The Don Killuminati est mort assassiné le 13 septembre 1996 à Las Vegas Tupac
52%
Les ventes de ce jeune artiste qui a participé à l'émission de Netflix "Nouvelle école" et qui a été éliminé en battle par un candidat du nom de STLR se sont énormément multipliées à la suite de la sortie des premiers épisodes BB Jacques
49%
Il a sorti en 2011 un projet commun avec Nekfeu qui s'intitulait "En sous-marin" Alpha Wann
45%
Il a sorti un album dont le nom résulte de la contraction du prénom de son frère et de sa soeur PLK
39%
Détenant du label OVO Drake
33%
Le documentaire inspiré de son vécu s'intitule "Look Mom I can fly" Travis Scott
30%
C'est un rappeur Havrais Médine
28%
Il est né et a grandi à Toulouse, a habité avec son père à Tunis, puis avec sa mère à Abidjan, mais a également vécu à Pantin dans la région Parisienne Laylow
20%
Cette belle plume a écrit le roman "Petit Pays" qui a reçu le prix Goncourt des lycéens en 2016 Gaël Faye
15%
Ce rappeur belge explique dans Noir sur Blanc que "son cœur a ses raisons qui font qu'il préfère laisser ses couilles décider" Frenetik
14%
Il a écrit l'hymne national des bleus pour l'Euro de football 2020 Youssoupha
13%
Il est né le 8 janvier 1998 et a grandi à Roubaix dans le Nord Bekar
7%
He "Never liked you" Future
5%
Aucun quiz correspondant
Distribution des résultats
% des personnes avec chaque résultat
Percentile par nombre de réponses
Votre historique - résultats
Vous n’avez pas pris ce quiz